The Space Race - Who Won? Quiz Stats

 Plays Quiz Updated Nov 29, 2014

Challenge
Share
Tweet
Embed
Score 0/18 Timer 01:30
8 Plays Today
Hint (A)mericans or (S)oviets % Correct
The first satellite????
88.6%
First animal in orbit????
87.5%
First human on the moon????
87.3%
First human orbit of the moon????
71%
First human spaceflight & orbit????
69.3%
First satellite recovered intact????
67.8%
First communications satellite????
67.4%
First photograph of Earth from orbit????
66.7%
First to escape earth's orbit????
61.1%
Hint (A)mericans or (S)oviets % Correct
First to impact the moon????
54.6%
First woman in space????
54.5%
First space station????
50.2%
First humans to spend a month in space????
47.6%
First animals returned alive from space?*???
39.4%
First to do a planetary flyby????
39.4%
First person to walk in space????
39%
First impact into another planet????
36.8%
First soft landing on the moon????
24.9%

You're not logged in!

Compare scores with friends on all Sporcle quizzes.
Join for Free
OR
Log In

You Might Also Like...

Show Comments

Extras

Top Quizzes Today


Score Distribution

Your Account Isn't Verified!

In order to create a playlist on Sporcle, you need to verify the email address you used during registration. Go to your Sporcle Settings to finish the process.

Report this User

Report this user for behavior that violates our Community Guidelines.

Details: